000 00358nam a2200133Ia 4500
008 240624s9999 xx 000 0 und d
041 _aeng
082 _a332.6 DOR
100 _aDORSEY PAT
245 _aLITTLE BOOK THAT BUILDS WEALTH THE KNOCK
260 _c2008
_aNew Jersey
_bJohn Wiley and Sons
300 _axviii, : 200 : p. : cm. ; 18
365 _c
_b30
999 _c19086
_d19086